[Event "44th Chess Olympiad Women 2022"]
[Site "Chennai"]
[Date "2022.08.01"]
[Round "4.1"]
[White "Koneru, Humpy"]
[Black "Hoang, Thanh Trang"]
[Result "1/2-1/2"]
[WhiteElo "2586"]
[BlackElo "2376"]
[Annotator "RC"]
[PlyCount "96"]
[EventDate "2022.07.29"]
[EventType "team-tourn"]
[EventCountry "IND"]
[SourceTitle "playchess.com"]
[Source "ChessBase"]
[SourceQuality "1"]
[WhiteTeam "India"]
[BlackTeam "Hungary"]
[WhiteTeamCountry "IND"]
[BlackTeamCountry "HUN"]

1. d4 e6 2. c4 f5 3. g3 Nf6 4. Bg2 c6 5. Nf3 d5 6. O-O Bd6 7. b3 Qe7 8. Ne5 O-O
9. Qc2 Nbd7 10. Nd3 b6 11. Bf4 Bb7 12. Nd2 Rac8 13. Bxd6 Qxd6 14. Rac1 c5 15.
cxd5 exd5 16. dxc5 bxc5 17. Rfd1 g6 18. Nf4 Qa6 19. e3 Rfd8 20. Nf3 Nf8 21. h4
Ne4 22. Ng5 Qf6 23. Kh2 h6 24. Nxe4 fxe4 25. Bh3 Rc7 26. Qc3 Qf7 27. Bg4 g5 28.
Nh5 Rc6 29. hxg5 Bc8 30. f3 exf3 31. Bxf3 hxg5 32. Rxd5 Rg6 33. Rxd8 Qxf3 34.
Qc4+ Be6 35. Qxc5 Qxh5+ 36. Kg1 Qf3 37. Qe5 Rh6 38. Qxg5+ Kh7 39. Rc7+ Bf7 40.
Rxf7+ Qxf7 41. Qd5 Qf6 42. Kg2 Rg6 43. Qh5+ Kg7 44. Rd4 Qc6+ 45. Qf3 Qc2+ 46.
Qf2 Qc6+ 47. Qf3 Qc2+ 48. Qf2 Qc6+ 1/2-1/2

[Event "44th Chess Olympiad Women 2022"]
[Site "Chennai"]
[Date "2022.08.01"]
[Round "4.1"]
[White "Vaishali R"]
[Black "Lazarne Vajda, Szidonia"]
[Result "1/2-1/2"]
[WhiteElo "2442"]
[BlackElo "2313"]
[Annotator "RC"]
[PlyCount "69"]
[EventDate "2022.07.29"]
[EventType "team-tourn"]
[EventCountry "IND"]
[SourceTitle "playchess.com"]
[Source "ChessBase"]
[SourceQuality "1"]
[WhiteTeam "India"]
[BlackTeam "Hungary"]
[WhiteTeamCountry "IND"]
[BlackTeamCountry "HUN"]

1. d4 d5 2. Bf4 Nf6 3. e3 c5 4. Nf3 e6 5. Nbd2 Bd6 6. c3 cxd4 7. cxd4 Bxf4 8.
exf4 Nc6 9. Bb5 Bd7 10. O-O Qb6 11. Bxc6 Bxc6 12. Qb3 O-O 13. Rfc1 Ne4 14. Qxb6
axb6 15. Nf1 f6 16. Ne3 Nd6 17. a3 Rfc8 18. g4 Nc4 19. Rc2 Nxe3 20. fxe3 Ba4
21. Rd2 Bc2 22. Kf2 Be4 23. Ng1 b5 24. Re1 b4 25. axb4 Rc4 26. Ne2 Rxb4 27. Nc3
f5 28. Nxe4 fxe4 29. Rc1 Ra2 30. Rcc2 Kf7 31. h3 Rb3 32. Rc7+ Kf6 33. g5+ Kg6
34. Re7 Rbxb2 35. Rxb2 1/2-1/2

[Event "44th Chess Olympiad Women 2022"]
[Site "Chennai"]
[Date "2022.08.01"]
[Round "4.1"]
[White "Gara, Ticia"]
[Black "Harika, Dronavalli"]
[Result "1/2-1/2"]
[WhiteElo "2367"]
[BlackElo "2517"]
[Annotator "RC"]
[PlyCount "25"]
[EventDate "2022.07.29"]
[EventType "team-tourn"]
[EventCountry "IND"]
[SourceTitle "playchess.com"]
[Source "ChessBase"]
[SourceQuality "1"]
[WhiteTeam "Hungary"]
[BlackTeam "India"]
[WhiteTeamCountry "HUN"]
[BlackTeamCountry "IND"]

1. Nf3 d5 2. g3 g6 3. Bg2 Bg7 4. d4 c6 5. O-O Nf6 6. Nbd2 a5 7. c3 O-O 8. Re1
Bf5 9. Nh4 Be6 10. Nhf3 Bf5 11. Nh4 Be6 12. Nhf3 Bf5 13. Nh4 1/2-1/2

[Event "44th Chess Olympiad Women 2022"]
[Site "Chennai"]
[Date "2022.08.01"]
[Round "4.1"]
[White "Gaal, Zsoka"]
[Black "Tania, Sachdev"]
[Result "0-1"]
[WhiteElo "2313"]
[BlackElo "2399"]
[Annotator "RC"]
[PlyCount "104"]
[EventDate "2022.07.29"]
[EventType "team-tourn"]
[EventCountry "IND"]
[SourceTitle "playchess.com"]
[Source "ChessBase"]
[SourceQuality "1"]
[WhiteTeam "Hungary"]
[BlackTeam "India"]
[WhiteTeamCountry "HUN"]
[BlackTeamCountry "IND"]

1. d4 Nf6 2. g3 d5 3. Bg2 e6 4. Nf3 b5 5. O-O Bb7 6. a4 b4 7. a5 Be7 8. c3 bxc3
9. bxc3 O-O 10. c4 dxc4 11. Qc2 c5 12. dxc5 Bxc5 13. Bb2 Nbd7 14. Qxc4 Rb8 15.
Qc1 Qe7 16. Nc3 Rfc8 17. Ra4 Bc6 18. Rh4 Nf8 19. Qa1 Ng6 20. Rh3 e5 21. Na2 Bd7
22. Nxe5 Bxh3 23. Bxh3 Rc7 24. Nc1 Nxe5 25. Bxe5 Bd6 26. Bd4 Rb5 27. e3 Be5 28.
Ne2 Bxd4 29. Nxd4 Rbc5 30. Rd1 g6 31. a6 Qe5 32. Rb1 Qe4 33. Rd1 Kg7 34. Nb3
Rb5 35. Nd4 Rbc5 36. Nb3 Rc3 37. Nd4 Rd3 38. Re1 Qe7 39. Bf5 Ra3 40. Qb2 Rxa6
41. g4 Rb6 42. Qa1 Kg8 43. Rd1 Rd6 44. Re1 gxf5 45. Nxf5 Qd7 46. Rb1 Rc8 47.
Nh6+ Kf8 48. g5 Ng8 49. Qh8 Rd1+ 50. Kg2 Qd5+ 51. e4 Qxg5+ 52. Kf3 Rxb1 0-1

[Event "44th Chess Olympiad Women 2022"]
[Site "Chennai"]
[Date "2022.08.01"]
[Round "4.2"]
[White "Muzychuk, Anna"]
[Black "Peycheva, Gergana"]
[Result "1-0"]
[WhiteElo "2529"]
[BlackElo "2295"]
[Annotator "RC"]
[PlyCount "91"]
[EventDate "2022.07.29"]
[EventType "team-tourn"]
[EventCountry "IND"]
[SourceTitle "playchess.com"]
[Source "ChessBase"]
[SourceQuality "1"]
[WhiteTeam "Ukraine"]
[BlackTeam "Bulgaria"]
[WhiteTeamCountry "UKR"]
[BlackTeamCountry "BUL"]

1. e4 e6 2. d4 d5 3. Nc3 Nf6 4. e5 Nfd7 5. f4 c5 6. Nf3 Nc6 7. Be3 a6 8. Ne2 b5
9. c3 Bb7 10. g4 Qb6 11. Ng3 Be7 12. Bd3 O-O-O 13. O-O Kb8 14. Qd2 h6 15. f5
Rdf8 16. Rf2 cxd4 17. cxd4 Bd8 18. Raf1 Qa7 19. fxe6 fxe6 20. Nh5 Bb6 21. Bb1
Rxf3 22. Rxf3 Nxd4 23. Rf7 Nxe5 24. Rf8+ Rxf8 25. Rxf8+ Kc7 26. Kg2 Nc4 27. Qf2
Bc5 28. Qf7+ Kb6 29. Bxd4 Bxd4 30. Qxe6+ Ka5 31. Nf4 Bxb2 32. Rf7 Qd4 33. Nd3
Bc8 34. Qxc8 Qe4+ 35. Rf3 Qe2+ 36. Rf2 Qe4+ 37. Rf3 Qe2+ 38. Kg3 Be5+ 39. Nxe5
Qxe5+ 40. Kh3 h5 41. Bf5 g6 42. Bxg6 hxg4+ 43. Qxg4 Ne3 44. Qf4 Qh8+ 45. Kg3 d4
46. h4 1-0

[Event "44th Chess Olympiad Women 2022"]
[Site "Chennai"]
[Date "2022.08.01"]
[Round "4.2"]
[White "Osmak, Yuliia"]
[Black "Antova, Gabriela"]
[Result "0-1"]
[WhiteElo "2420"]
[BlackElo "2275"]
[Annotator "RC"]
[PlyCount "69"]
[EventDate "2022.07.29"]
[EventType "team-tourn"]
[EventCountry "IND"]
[SourceTitle "playchess.com"]
[Source "ChessBase"]
[SourceQuality "1"]
[WhiteTeam "Ukraine"]
[BlackTeam "Bulgaria"]
[WhiteTeamCountry "UKR"]
[BlackTeamCountry "BUL"]

1. Nf3 d5 2. g3 c6 3. Bg2 Bg4 4. O-O Nf6 5. h3 Bh5 6. c4 e6 7. d4 Nbd7 8. cxd5
exd5 9. Ne5 Bg6 10. Nc3 Be7 11. f4 Be4 12. Nxe4 Nxe4 13. Bxe4 dxe4 14. Qb3 Nxe5
15. fxe5 O-O 16. Be3 Qd5 17. Qxb7 Qe6 18. Kg2 Rfb8 19. Qa6 Rxb2 20. Rf2 Rc2 21.
Qb7 Rf8 22. Rc1 Rxc1 23. Bxc1 a5 24. Qa7 Bb4 25. a3 e3 26. Bxe3 Qd5+ 27. Rf3
Bxa3 28. Bf2 Bb4 29. Qb7 h5 30. Kg1 Qc4 31. e4 a4 32. Qa7 a3 33. Qa4 a2 34. Kg2
Qe2 35. Rb3 0-1

[Event "44th Chess Olympiad Women 2022"]
[Site "Chennai"]
[Date "2022.08.01"]
[Round "4.2"]
[White "Salimova, Nurgyul"]
[Black "Muzychuk, Mariya"]
[Result "1/2-1/2"]
[WhiteElo "2416"]
[BlackElo "2540"]
[Annotator "RC"]
[PlyCount "162"]
[EventDate "2022.07.29"]
[EventType "team-tourn"]
[EventCountry "IND"]
[SourceTitle "playchess.com"]
[Source "ChessBase"]
[SourceQuality "1"]
[WhiteTeam "Bulgaria"]
[BlackTeam "Ukraine"]
[WhiteTeamCountry "BUL"]
[BlackTeamCountry "UKR"]

1. d4 Nf6 2. c4 g6 3. Nc3 d5 4. cxd5 Nxd5 5. e4 Nxc3 6. bxc3 Bg7 7. Nf3 c5 8.
Bb5+ Nc6 9. d5 Qa5 10. Rb1 a6 11. Bxc6+ bxc6 12. dxc6 Qxc3+ 13. Nd2 O-O 14. Bb2
Qa5 15. Bxg7 Kxg7 16. O-O Be6 17. Nb3 Bxb3 18. Qxb3 Rac8 19. Qb2+ Kg8 20. Qb6
Qa4 21. c7 Qd7 22. Qxc5 Rxc7 23. Qa5 Rc6 24. Rfe1 Rfc8 25. h3 Qe6 26. Qd5 Rc2
27. Qxe6 fxe6 28. Rb7 Kf7 29. Re3 Rxa2 30. Rf3+ Ke8 31. e5 Re2 32. Rb6 a5 33.
Rxe6 Rc5 34. Ra6 Rexe5 35. Ra3 Kf7 36. Ra7 h5 37. Ra4 Rf5 38. f4 Rf6 39. g3 Re6
40. R7xa5 Rc2 41. Ra1 Ree2 42. Rg5 Rg2+ 43. Kh1 Rh2+ 44. Kg1 Rcg2+ 45. Kf1 h4
46. Re1 Rf2+ 47. Kg1 Rhg2+ 48. Kh1 Rxg3 49. Rxg3 hxg3 50. Re4 Kf6 51. Kg1 e6
52. Kh1 Rd2 53. Kg1 Rh2 54. Re3 Rxh3 55. Kg2 Rh5 56. Kxg3 Rf5 57. Kg4 g5 58.
fxg5+ Rxg5+ 59. Kf4 Rf5+ 60. Kg4 Rf1 61. Kg3 Rb1 62. Kf3 Kf5 63. Ra3 e5 64. Ke3
Rb4 65. Ke2 Re4+ 66. Kf3 Rh4 67. Ke2 Rh2+ 68. Ke1 Kf4 69. Ra4+ e4 70. Ra3 Rg2
71. Rc3 Ra2 72. Rb3 Ke5 73. Rh3 Kd4 74. Rg3 Ra1+ 75. Ke2 Rh1 76. Ra3 Rh2+ 77.
Ke1 e3 78. Ra8 Kd3 79. Rd8+ Ke4 80. Re8+ Kd3 81. Rd8+ Ke4 1/2-1/2

[Event "44th Chess Olympiad Women 2022"]
[Site "Chennai"]
[Date "2022.08.01"]
[Round "4.2"]
[White "Krasteva, Beloslava"]
[Black "Ushenina, Anna"]
[Result "0-1"]
[WhiteElo "2249"]
[BlackElo "2423"]
[Annotator "RC"]
[PlyCount "158"]
[EventDate "2022.07.29"]
[EventType "team-tourn"]
[EventCountry "IND"]
[SourceTitle "playchess.com"]
[Source "ChessBase"]
[SourceQuality "1"]
[WhiteTeam "Bulgaria"]
[BlackTeam "Ukraine"]
[WhiteTeamCountry "BUL"]
[BlackTeamCountry "UKR"]

1. d4 d5 2. Nf3 Nf6 3. Bf4 c5 4. e3 Nc6 5. Nbd2 cxd4 6. exd4 Bf5 7. Bb5 Bd7 8.
Nb3 g6 9. O-O Bg7 10. Re1 a6 11. Bd3 O-O 12. c3 Nh5 13. Bd2 Qc7 14. Nc5 Bc8 15.
Bf1 b6 16. Nd3 Na5 17. b3 Nc6 18. Rc1 Rd8 19. Nfe5 Nxe5 20. Nxe5 b5 21. Qf3 Be6
22. Nd3 Nf6 23. Bf4 Qa7 24. Nc5 Bf5 25. Qe3 Re8 26. f3 Nd7 27. g4 Nxc5 28. gxf5
Nd7 29. fxg6 hxg6 30. Bg3 Rac8 31. Kh1 e6 32. Bf2 Nf6 33. c4 bxc4 34. bxc4 dxc4
35. Bxc4 Qa8 36. Bg3 Rc6 37. Bb3 Rec8 38. Rxc6 Qxc6 39. Be5 Nd5 40. Qe4 Bxe5
41. dxe5 Qc3 42. Bxd5 exd5 43. Qe2 Rc6 44. Rd1 Rb6 45. Qd3 Qxe5 46. Qxd5 Qxd5
47. Rxd5 Rb1+ 48. Kg2 Rb2+ 49. Kg3 Rxa2 50. h4 Rb2 51. h5 gxh5 52. Rxh5 Rb5 53.
Rh6 a5 54. Ra6 Kf8 55. Kf4 f5 56. Ke3 Rd5 57. Kf4 Ke7 58. Kg5 Kd7 59. f4 Kc7
60. Re6 Kb7 61. Re5 Kc6 62. Re8 a4 63. Ra8 Kb5 64. Kf6 Kb4 65. Ke6 Rb5 66. Rh8
a3 67. Rh3 a2 68. Rh1 Ka3 69. Rd1 Kb2 70. Rd2+ Kb1 71. Rd1+ Kc2 72. Rh1 Rc5 73.
Kd6 Ra5 74. Ke6 Kd3 75. Ra1 Ke4 76. Kd6 Kxf4 77. Kc6 Ke3 78. Kb6 Ra8 79. Kc5 f4
0-1

[Event "44th Chess Olympiad Women 2022"]
[Site "Chennai"]
[Date "2022.08.01"]
[Round "4.3"]
[White "Dzagnidze, Nana"]
[Black "Karavade, Eesha"]
[Result "1-0"]
[WhiteElo "2531"]
[BlackElo "2339"]
[Annotator "RC"]
[PlyCount "67"]
[EventDate "2022.07.29"]
[EventType "team-tourn"]
[EventCountry "IND"]
[SourceTitle "playchess.com"]
[Source "ChessBase"]
[SourceQuality "1"]
[WhiteTeam "Georgia"]
[BlackTeam "India"]
[WhiteTeamCountry "GEO"]
[BlackTeamCountry "IND"]

1. d4 d5 2. c4 c6 3. cxd5 cxd5 4. Nc3 Nf6 5. Bf4 Nc6 6. e3 a6 7. Rc1 Bf5 8. Nf3
Rc8 9. Ne5 Nxe5 10. dxe5 Ne4 11. Nxe4 Rxc1 12. Qxc1 dxe4 13. Be2 Qa5+ 14. Qd2
Qxd2+ 15. Kxd2 e6 16. Kc3 Kd7 17. Rd1+ Kc7 18. g4 Bg6 19. Bg5 h6 20. Bd8+ Kc8
21. h4 Bc5 22. Ba5 h5 23. gxh5 Bf5 24. Bb4 Bb6 25. Bd6 Bd8 26. b4 b5 27. a4
Bxh4 28. axb5 axb5 29. Bxb5 Kb7 30. Bc5 Rd8 31. Ra1 Bxf2 32. Ra7+ Kb8 33. Rxf7
Bg3 34. Ba7+ 1-0

[Event "44th Chess Olympiad Women 2022"]
[Site "Chennai"]
[Date "2022.08.01"]
[Round "4.3"]
[White "Javakhishvili, Lela"]
[Black "Sahithi Varshini M"]
[Result "1-0"]
[WhiteElo "2476"]
[BlackElo "2312"]
[Annotator "RC"]
[PlyCount "23"]
[EventDate "2022.07.29"]
[EventType "team-tourn"]
[EventCountry "IND"]
[SourceTitle "playchess.com"]
[Source "ChessBase"]
[SourceQuality "1"]
[WhiteTeam "Georgia"]
[BlackTeam "India"]
[WhiteTeamCountry "GEO"]
[BlackTeamCountry "IND"]

1. d4 Nf6 2. c4 e6 3. Nf3 b6 4. g3 Ba6 5. Nbd2 Bb7 6. Bg2 c5 7. e4 Nxe4 8. Ne5
Nc3 9. Qh5 g6 10. Qh3 Bxg2 11. Qxg2 Na6 12. bxc3 1-0

[Event "44th Chess Olympiad Women 2022"]
[Site "Chennai"]
[Date "2022.08.01"]
[Round "4.3"]
[White "Nandhidhaa, P V."]
[Black "Batsiashvili, Nino"]
[Result "1-0"]
[WhiteElo "2312"]
[BlackElo "2466"]
[Annotator "RC"]
[PlyCount "83"]
[EventDate "2022.07.29"]
[EventType "team-tourn"]
[EventCountry "IND"]
[SourceTitle "playchess.com"]
[Source "ChessBase"]
[SourceQuality "1"]
[WhiteTeam "India"]
[BlackTeam "Georgia"]
[WhiteTeamCountry "IND"]
[BlackTeamCountry "GEO"]

1. Nf3 d5 2. d4 c5 3. c4 cxd4 4. cxd5 Nf6 5. Qxd4 Qxd5 6. Nc3 Qxd4 7. Nxd4 a6
8. g3 e5 9. Nb3 Bd7 10. Bg2 Bc6 11. O-O Bb4 12. Bd2 Bxg2 13. Kxg2 Nc6 14. a3
Bxc3 15. Bxc3 Ne4 16. Rac1 Ke7 17. Ba5 Nf6 18. Bb6 Nd7 19. Bc5+ Nxc5 20. Nxc5
Rhc8 21. Rfd1 Nd8 22. Rd7+ Ke8 23. Rd5 f6 24. Rcd1 Rc6 25. b4 Rac8 26. e3 R6c7
27. Kf3 Re7 28. Rd6 Nc6 29. R1d5 Rd8 30. Ke4 Rc8 31. g4 a5 32. b5 Nd8 33. Kd3
Nf7 34. Re6 b6 35. Rxb6 Rec7 36. Ne4 Ke7 37. Ra6 Rb8 38. a4 Nd8 39. Rxa5 Rb6
40. Ra8 Nb7 41. a5 Re6 42. b6 1-0

[Event "44th Chess Olympiad Women 2022"]
[Site "Chennai"]
[Date "2022.08.01"]
[Round "4.3"]
[White "Pratyusha, Bodda"]
[Black "Melia, Salome"]
[Result "0-1"]
[WhiteElo "2310"]
[BlackElo "2384"]
[Annotator "RC"]
[PlyCount "72"]
[EventDate "2022.07.29"]
[EventType "team-tourn"]
[EventCountry "IND"]
[SourceTitle "playchess.com"]
[Source "ChessBase"]
[SourceQuality "1"]
[WhiteTeam "India"]
[BlackTeam "Georgia"]
[WhiteTeamCountry "IND"]
[BlackTeamCountry "GEO"]

1. d4 Nf6 2. c4 e6 3. Nc3 Bb4 4. e3 O-O 5. Bd3 d5 6. cxd5 exd5 7. Nge2 Re8 8.
Bd2 Bd6 9. Rc1 a6 10. O-O b6 11. f3 c5 12. Qe1 Nc6 13. Qh4 h6 14. Kh1 a5 15.
Rfd1 Ba6 16. Bxa6 Rxa6 17. dxc5 bxc5 18. Na4 Nb4 19. Bxb4 cxb4 20. Rd3 Qd7 21.
b3 Rc6 22. Rcd1 Rc2 23. Qe1 Rxa2 24. Rc1 Qf5 25. Qd1 Qh5 26. h3 Qh4 27. Rc6 Qf2
28. Rd2 Rxd2 29. Qxd2 Rxe3 30. Rc8+ Kh7 31. Rc2 Ne4 32. Qd1 Rxe2 33. Rxe2 Ng3+
34. Kh2 Nxe2+ 35. Kh1 Qg3 36. Qc2+ g6 0-1

[Event "44th Chess Olympiad Women 2022"]
[Site "Chennai"]
[Date "2022.08.01"]
[Round "4.4"]
[White "Socko, Monika"]
[Black "Peng, Zhaoqin"]
[Result "1-0"]
[WhiteElo "2416"]
[BlackElo "2349"]
[Annotator "RC"]
[PlyCount "73"]
[EventDate "2022.07.29"]
[EventType "team-tourn"]
[EventCountry "IND"]
[SourceTitle "playchess.com"]
[Source "ChessBase"]
[SourceQuality "1"]
[WhiteTeam "Poland"]
[BlackTeam "Netherlands"]
[WhiteTeamCountry "POL"]
[BlackTeamCountry "NED"]

1. d4 d5 2. c4 dxc4 3. e4 e5 4. Nf3 exd4 5. Bxc4 Bb4+ 6. Nbd2 Nc6 7. O-O Nf6 8.
e5 Nd5 9. Nb3 O-O 10. Nbxd4 Nde7 11. Bg5 Nxd4 12. Nxd4 h6 13. Be3 a6 14. Qf3
Qe8 15. Qe4 Bc5 16. Bd3 Ng6 17. f4 Bxd4 18. Bxd4 Qc6 19. Qxc6 bxc6 20. Be4 Ne7
21. Bc5 Re8 22. Bxe7 Rxe7 23. Bxc6 Rb8 24. b3 g5 25. Rad1 Bg4 26. Rd4 gxf4 27.
Rdxf4 Bh5 28. Re1 Rb6 29. Rc4 Kg7 30. h4 Bg6 31. Kf2 Bf5 32. Bf3 Rb5 33. g4 Be6
34. Rc6 a5 35. Re3 Bd5 36. Rc2 Be6 37. Kg3 1-0

[Event "44th Chess Olympiad Women 2022"]
[Site "Chennai"]
[Date "2022.08.01"]
[Round "4.4"]
[White "Roebers, Eline"]
[Black "Kashlinskaya, Alina"]
[Result "1/2-1/2"]
[WhiteElo "2344"]
[BlackElo "2505"]
[Annotator "RC"]
[PlyCount "115"]
[EventDate "2022.07.29"]
[EventType "team-tourn"]
[EventCountry "IND"]
[SourceTitle "playchess.com"]
[Source "ChessBase"]
[SourceQuality "1"]
[WhiteTeam "Netherlands"]
[BlackTeam "Poland"]
[WhiteTeamCountry "NED"]
[BlackTeamCountry "POL"]

1. e4 e5 2. Nf3 Nf6 3. d4 Nxe4 4. Bd3 d5 5. Nxe5 Nd7 6. Nc3 Nxc3 7. bxc3 Nxe5
8. dxe5 Be7 9. O-O O-O 10. f4 Bc5+ 11. Kh1 f5 12. Rb1 b6 13. Qe2 Be6 14. Bb5
Qe7 15. Rd1 Rad8 16. Be3 Bxe3 17. Qxe3 c5 18. Be2 Qd7 19. c4 d4 20. Qb3 Qe7 21.
a4 Qc7 22. Ra1 Rd7 23. Bf3 Rfd8 24. h4 Kh8 25. Qb5 Rb8 26. g3 Qc8 27. Qb3 Qg8
28. Be2 a6 29. Qd3 b5 30. axb5 axb5 31. cxb5 c4 32. Qa3 Bd5+ 33. Kg1 Be4 34.
Qa2 Rc8 35. Bf1 Qd5 36. b6 h6 37. Qa6 Qc5 38. Ra5 Qc6 39. Ra4 d3 40. cxd3 cxd3
41. Ra2 Rb8 42. Rb2 Qc5+ 43. Kh2 Rdb7 44. Qb5 Qe3 45. Rxd3 Bxd3 46. Qxd3 Qxd3
47. Bxd3 Rxb6 48. Rxb6 Rxb6 49. Bxf5 Kg8 50. Kh3 Kf7 51. Kg4 Rb4 52. Bd3 Rd4
53. Bb1 Ra4 54. Bc2 Ra3 55. h5 Rc3 56. Be4 Re3 57. Bd5+ Ke7 58. Kh4 1/2-1/2

[Event "44th Chess Olympiad Women 2022"]
[Site "Chennai"]
[Date "2022.08.01"]
[Round "4.4"]
[White "Rudzinska, Michalina"]
[Black "Lanchava, Tea"]
[Result "1-0"]
[WhiteElo "2315"]
[BlackElo "2257"]
[Annotator "RC"]
[PlyCount "85"]
[EventDate "2022.07.29"]
[EventType "team-tourn"]
[EventCountry "IND"]
[SourceTitle "playchess.com"]
[Source "ChessBase"]
[SourceQuality "1"]
[WhiteTeam "Poland"]
[BlackTeam "Netherlands"]
[WhiteTeamCountry "POL"]
[BlackTeamCountry "NED"]

1. e4 c6 2. d4 g6 3. Nc3 Bg7 4. f4 d5 5. e5 h5 6. h3 Nh6 7. Be3 a5 8. a4 Na6 9.
Nf3 Nf5 10. Bf2 h4 11. Be2 Bf8 12. Qd2 e6 13. O-O b6 14. Nd1 Nc7 15. Ne3 Ba6
16. Ng4 Be7 17. Rfc1 Bxe2 18. Qxe2 Na6 19. c4 Kf8 20. cxd5 Qxd5 21. Nf6 Bxf6
22. exf6 Nb4 23. Rd1 Qd6 24. Qe5 Rd8 25. d5 cxd5 26. Qxd6+ Nxd6 27. Bxb6 Ra8
28. Bc5 Ra6 29. Rac1 Ke8 30. Bxd6 Rxd6 31. Rc8+ Rd8 32. Rdc1 Rh5 33. Ng5 Rxc8
34. Rxc8+ Kd7 35. Ra8 d4 36. Rxa5 Nd5 37. Nxf7 d3 38. Kf2 Nxf4 39. Rxh5 gxh5
40. Ne5+ Kc7 41. f7 d2 42. f8=Q d1=Q 43. Qxf4 1-0

[Event "44th Chess Olympiad Women 2022"]
[Site "Chennai"]
[Date "2022.08.01"]
[Round "4.4"]
[White "Van Foreest, Machteld"]
[Black "Kiolbasa, Oliwia"]
[Result "0-1"]
[WhiteElo "2299"]
[BlackElo "2376"]
[Annotator "RC"]
[PlyCount "80"]
[EventDate "2022.07.29"]
[EventType "team-tourn"]
[EventCountry "IND"]
[SourceTitle "playchess.com"]
[Source "ChessBase"]
[SourceQuality "1"]
[WhiteTeam "Netherlands"]
[BlackTeam "Poland"]
[WhiteTeamCountry "NED"]
[BlackTeamCountry "POL"]

1. e4 e5 2. Nf3 Nc6 3. d4 exd4 4. Nxd4 Bc5 5. Nb3 Bb6 6. Nc3 Nf6 7. Bg5 h6 8.
Bh4 O-O 9. Qe2 a5 10. a4 Nd4 11. Qd3 Nxb3 12. cxb3 c6 13. Be2 Re8 14. O-O-O d5
15. f4 g5 16. fxg5 Nxe4 17. Rhf1 hxg5 18. Bh5 gxh4 19. Bxf7+ Kg7 20. Bxe8 Qg5+
21. Kb1 Nf2 22. Rxf2 Bxf2 23. Ka2 Bf5 24. Qf3 Be3 25. Rf1 Rxe8 26. Qxf5 Qxf5
27. Rxf5 d4 28. Nd1 Bg1 29. Nf2 Kg6 30. Rf4 Bxf2 31. Rxf2 d3 32. Rd2 Rd8 33. b4
axb4 34. b3 Kf5 35. Kb2 Ke4 36. Kc1 Ke3 37. g3 h3 38. g4 Rg8 39. Rd1 Rxg4 40.
Re1+ Kd4 0-1

[Event "44th Chess Olympiad Women 2022"]
[Site "Chennai"]
[Date "2022.08.01"]
[Round "4.5"]
[White "Sebag, Marie"]
[Black "Injac, Teodora"]
[Result "0-1"]
[WhiteElo "2447"]
[BlackElo "2372"]
[Annotator "RC"]
[PlyCount "112"]
[EventDate "2022.07.29"]
[EventType "team-tourn"]
[EventCountry "IND"]
[SourceTitle "playchess.com"]
[Source "ChessBase"]
[SourceQuality "1"]
[WhiteTeam "France"]
[BlackTeam "Serbia"]
[WhiteTeamCountry "FRA"]
[BlackTeamCountry "SRB"]

1. e4 e5 2. Nf3 Nc6 3. Bb5 a6 4. Ba4 Nf6 5. O-O Be7 6. Re1 b5 7. Bb3 O-O 8. a4
Bb7 9. d3 d6 10. c3 Na5 11. Bc2 c5 12. Nbd2 Re8 13. Nf1 b4 14. Bg5 h6 15. Bh4
Qc7 16. h3 d5 17. Bg3 dxe4 18. dxe4 Bf8 19. N3d2 g6 20. Ne3 Nh5 21. Nd5 Bxd5
22. exd5 Nxg3 23. fxg3 Bg7 24. g4 Rad8 25. Qf3 Nb7 26. Ne4 Nd6 27. Nxd6 Qxd6
28. c4 e4 29. Rxe4 Rxe4 30. Bxe4 Bxb2 31. Rf1 Rd7 32. h4 Bd4+ 33. Kh1 Qe7 34.
g3 Rd6 35. Qd3 Rf6 36. Rxf6 Qxf6 37. Bf3 Qe5 38. Kg2 Kg7 39. Qe4 b3 40. Qxe5+
Bxe5 41. Bd1 b2 42. Bc2 Kf6 43. Kf3 Bc7 44. h5 Kg5 45. hxg6 fxg6 46. Bb1 Kf6
47. Bc2 Ke5 48. Ke3 h5 49. g5 Bd8 50. Bxg6 Bxg5+ 51. Ke2 Kd4 52. Kd1 Kc3 53. d6
Kb3 54. Bb1 a5 55. d7 Bf6 56. Kd2 Kxa4 0-1

[Event "44th Chess Olympiad Women 2022"]
[Site "Chennai"]
[Date "2022.08.01"]
[Round "4.5"]
[White "Milliet, Sophie"]
[Black "Eric, Jovana"]
[Result "1-0"]
[WhiteElo "2396"]
[BlackElo "2271"]
[Annotator "RC"]
[PlyCount "89"]
[EventDate "2022.07.29"]
[EventType "team-tourn"]
[EventCountry "IND"]
[SourceTitle "playchess.com"]
[Source "ChessBase"]
[SourceQuality "1"]
[WhiteTeam "France"]
[BlackTeam "Serbia"]
[WhiteTeamCountry "FRA"]
[BlackTeamCountry "SRB"]

1. e4 c5 2. Nf3 d6 3. d4 cxd4 4. Nxd4 Nf6 5. Nc3 a6 6. Be3 e6 7. f3 b5 8. a3
Nbd7 9. g4 Nb6 10. Qd2 Bb7 11. O-O-O Rc8 12. h4 Nfd7 13. Rh3 Ne5 14. Qe1 Nbc4
15. Bg1 Qa5 16. Nb3 Qc7 17. Bd4 Nc6 18. f4 Nxd4 19. Nxd4 Be7 20. f5 e5 21. Nb3
O-O 22. g5 Rfd8 23. f6 Bf8 24. fxg7 Be7 25. Rhd3 b4 26. axb4 d5 27. exd5 Bxb4
28. Bh3 Rb8 29. h5 Qe7 30. Qh4 Bxc3 31. Rxc3 Nb6 32. h6 Nxd5 33. Rcd3 e4 34.
Rd4 e3 35. Re4 Qc7 36. Bf5 Re8 37. Re1 Nb6 38. R4xe3 Rxe3 39. Rxe3 Nc4 40. Rc3
Qe5 41. Rxc4 Qxf5 42. Qf4 Qxf4+ 43. Rxf4 Bd5 44. Nc5 Rd8 45. Rd4 1-0

[Event "44th Chess Olympiad Women 2022"]
[Site "Chennai"]
[Date "2022.08.01"]
[Round "4.5"]
[White "Blagojevic, Tijana"]
[Black "Guichard, Pauline"]
[Result "1/2-1/2"]
[WhiteElo "2330"]
[BlackElo "2379"]
[Annotator "RC"]
[PlyCount "109"]
[EventDate "2022.07.29"]
[EventType "team-tourn"]
[EventCountry "IND"]
[SourceTitle "playchess.com"]
[Source "ChessBase"]
[SourceQuality "1"]
[WhiteTeam "Serbia"]
[BlackTeam "France"]
[WhiteTeamCountry "SRB"]
[BlackTeamCountry "FRA"]

1. e4 e5 2. Nf3 Nc6 3. Nc3 Nf6 4. d4 exd4 5. Nxd4 Bb4 6. Nxc6 bxc6 7. Bd3 d5 8.
exd5 O-O 9. O-O cxd5 10. Qf3 Bg4 11. Qg3 Qd7 12. h3 Bd6 13. Bf4 Bxf4 14. Qxf4
Bh5 15. Qd4 c6 16. Rfe1 Rfe8 17. Na4 Bg6 18. Nc5 Qc7 19. Qc3 Bxd3 20. cxd3 Nd7
21. Nb3 c5 22. Rac1 Qb6 23. Rc2 d4 24. Qd2 h6 25. Qd1 Qb5 26. Rce2 Rxe2 27.
Rxe2 a5 28. Re7 Nf6 29. Qc2 a4 30. Qxc5 Qxd3 31. Nxd4 Qb1+ 32. Kh2 Qxb2 33. Qc4
Rf8 34. Re2 Qb8+ 35. g3 Qa8 36. Nc6 a3 37. Re7 Nh7 38. Ra7 Qe8 39. Re7 Qa8 40.
Ra7 Qe8 41. Ne7+ Kh8 42. Qc3 Qb8 43. Ng6+ Kg8 44. Ne7+ Kh8 45. Nf5 Nf6 46. Qxa3
Kh7 47. Kg2 Qe5 48. Qxf8 Qe4+ 49. Kh2 Qxf5 50. Kg1 Qb1+ 51. Kg2 Qe4+ 52. Kg1
Qb1+ 53. Kg2 Qe4+ 54. Kg1 Qb1+ 55. Kg2 1/2-1/2